| 000 | 00912nam a22002537a 4500 | ||
|---|---|---|---|
| 005 | 20091028141710.0 | ||
| 008 | 091028t xxu||||| |||| 00| 0 eng d | ||
| 010 | _aENG-95239 | ||
| 020 |
_a9780070146334 _c165.00 |
||
| 020 |
_a0070146330 _c165.00 |
||
| 035 | _aEN-78772 | ||
| 037 | _bDBAD/PUB | ||
| 040 | _aDPL | ||
| 082 | _a530.0151 | ||
| 100 | _aHussain, Shakir | ||
| 245 |
_aMathematical tools for physics / _cby Shakir Hussain |
||
| 260 |
_aNew Delhi _bTata McGraw Hill Education _c2009 |
||
| 270 |
_a7, West Patel Nagar _bNew Delhi _e110008 |
||
| 300 |
_aVarious pagings _c22cm.(Pbk) |
||
| 490 | _aTata McGraw Hill's winning we series | ||
| 500 | _aIncludes index | ||
| 942 |
_2ddc _cEN _mHUS _h530.0151 |
||
| 999 |
_c31104 _d31104 |
||